Copypaste. 2017-2022. Resina poliéster y bronce.

Saved in:
Bibliografiske detaljer
Hovedforfatter: Correa Maturana, Marcela (autora)
Format: Bog
Udgivet: Santiago, Chile: Ograma Impresores, 2022.
Fag:
Tags: Tilføj Tag
Ingen Tags, Vær først til at tagge denne postø!

MARC

LEADER 00000nam a22000007a 4500
003 CL-VaPUC
005 20230112115751.0
008 221212t2022 ||||| |||| 00| 0 eng d
999 |c 439610  |d 439608 
040 |c Pontificia Universidad Católica de Valparaíso 
082 |2 22  |a 730.983 COR 2022 
100 1 |a Correa Maturana, Marcela  |e autora  |9 879208 
245 |a Copypaste.  |b 2017-2022. Resina poliéster y bronce. 
260 |a Santiago, Chile:  |b Ograma Impresores,  |c 2022. 
300 |a sin paginación; ilustraciones. 
500 |a c.1. Donación Profesor Bruno Cuneo. Memo ART 11/2022 
583 |c 20221212  |k Catalogador Asistente 
600 0 |9 879421  |a Correa Maturana, Marcela  |x Exposiciones   |x Escultura  
650 0 |9 610743  |a Escultoras chilenas   |x Exposiciones  
650 0 |9 265737  |a Escultura  |v Catálogo   |x Monumento de bronce   |z Coquimbo, Chile  
942 |2 ddc  |c BK 
952 |0 0  |1 0  |2 ddc  |4 0  |6 730_983000000000000_COR_2022  |7 0  |8 A  |9 588201  |a BIBART  |b BIBART  |d 2022-12-12  |e Donación  |i 5656013  |o 730.983 COR 2022  |p 5656013  |r 2025-03-13  |t 1  |w 2022-12-12  |y BK  |k ART